000 00369nam a22001217a 4500
999 _c10083
_d10083
003 OSt
008 201218b ||||| |||| 00| 0 eng d
245 _aJournal of Information and Optimization Sciences
250 _a2017(Sep Vol.38 No.6, Oct Vol.38 No.7, Nov Vol.38 No.8)
260 _aNew Delhi
_bTaru Publications
650 _aInformation Technology
942 _2ddc
_cBV